[Event "Mumbai Wealth op"]
[Site "Mumbai"]
[Date "2016.02.01"]
[Round "5"]
[White "Harsh, Mangesh Ghag"]
[Black "Chakravarthi, Reddy M"]
[Result "0-1"]
[WhiteElo "1964"]
[BlackElo "2176"]
[PlyCount "96"]
[EventDate "2016.01.28"]
[EventType "swiss"]
[EventRounds "9"]
[EventCountry "IND"]
[SourceTitle "CBM 170 Extra"]
[Source "ChessBase"]
[SourceDate "2016.02.25"]
[SourceVersion "1"]
[SourceVersionDate "2016.02.25"]
[SourceQuality "1"]

1. d4 c5 2. d5 f5 3. Nc3 d6 4. e4 Nf6 5. Nge2 e5 6. exf5 Bxf5 7. Ng3 Bg6 8. Be2 Nbd7 9. 0-0 Be7 10. f4 0-0 11. fxe5 Nxe5 12. Bf4 Nfd7 13. Qd2 Qb6 14. Rab1 Qb4 15. Kh1 a6 16. Bh5 Rae8 17. a3 Qd4 18. Rbd1 Qxd2 19. Bxd2 Bxh5 20. Nxh5 Nc4 21. Bc1 Nf6 22. Ng3 Ng4 23. Rxf8+ Rxf8 24. Nce4 Nce3 25. Bxe3 Nxe3 26. Rd2 h5 27. h4 Bxh4 28. Nxh5 Rf5 29. Nhg3 Re5 30. Kg1 Nxd5 31. b3 Nf6 32. Nxf6+ gxf6 33. Nf1 d5 34. c3 Kf7 35. g3 Bg5 36. Rh2 Kg7 37. Rc2 b5 38. a4 bxa4 39. bxa4 Re4 40. Ra2 Rc4 41. Ra3 Bc1 42. Rb3 Rxa4 43. Kf2 Rc4 44. Ke2 a5 45. Rb7+ Kg6 46. Rd7 a4 47. Kd1 Rxc3 48. Ra7 a3 0-1

[Event "Mumbai Wealth op"]
[Site "Mumbai"]
[Date "2016.01.31"]
[Round "4"]
[White "Devanshi, Rathi"]
[Black "Harsh, Mangesh Ghag"]
[Result "0-1"]
[WhiteElo "1523"]
[BlackElo "1964"]
[PlyCount "66"]
[EventDate "2016.01.28"]
[EventType "swiss"]
[EventRounds "9"]
[EventCountry "IND"]
[SourceTitle "CBM 170 Extra"]
[Source "ChessBase"]
[SourceDate "2016.02.25"]
[SourceVersion "1"]
[SourceVersionDate "2016.02.25"]
[SourceQuality "1"]

1. e4 e6 2. d4 d5 3. Nd2 Be7 4. Ngf3 Nf6 5. e5 Nfd7 6. c4 dxc4 7. Bxc4 c5 8. dxc5 Nxc5 9. 0-0 0-0 10. Nb3 Nbd7 11. Nxc5 Bxc5 12. Bg5 Qc7 13. Qe2 b6 14. Bd3 Bb7 15. Be4 Rac8 16. a3 a5 17. Rac1 a4 18. Be7 Bxe4 19. Bxf8 Bxf3 20. gxf3 Nxf8 21. Qe4 Qe7 22. Kh1 Rd8 23. Qxa4 Ng6 24. Qe4 Bd4 25. Rc2 Bxe5 26. Rg1 Bf4 27. Re2 Qh4 28. Rg2 Qh3 29. Qb1 Qxf3 30. Re1 Nh4 31. Qe4 Qxg2+ 32. Qxg2 Nxg2 33. Kxg2 Rd3 0-1

[Event "Keshabananda Das Memorial 4th"]
[Site "Bhubaneswar"]
[Date "2015.09.11"]
[Round "1"]
[White "Swapnil, S Dhopade"]
[Black "Harsh, Mangesh Ghag"]
[Result "1-0"]
[WhiteElo "2483"]
[BlackElo "1934"]
[PlyCount "113"]
[EventDate "2015.09.11"]
[EventType "swiss"]
[EventRounds "10"]
[EventCountry "IND"]
[SourceTitle "EXT 2016"]
[Source "ChessBase"]
[SourceDate "2015.10.08"]
[SourceVersion "1"]
[SourceVersionDate "2015.10.08"]
[SourceQuality "1"]

1. d4 d5 2. c4 e6 3. Nc3 c5 4. cxd5 exd5 5. Nf3 Nc6 6. g3 Nf6 7. Bg2 Be7 8. 0-0 0-0 9. dxc5 Bxc5 10. Na4 Bd6 11. Bg5 Be6 12. Nd4 h6 13. Be3 Re8 14. Rc1 Nxd4 15. Bxd4 Ne4 16. Qb3 Nd2 17. Qxb7 Nxf1 18. Rxf1 Re7 19. Qa6 Rc8 20. Nc3 Bc5 21. Rd1 Bxd4 22. Rxd4 Rd7 23. e3 Rc4 24. Rd1 Rc5 25. Qd3 Qf6 26. h4 Qe5 27. Rd2 g5 28. hxg5 hxg5 29. a3 Kg7 30. Qe2 Rc8 31. Qd1 Rcd8 32. Rd4 Rd6 33. Qd2 R6d7 34. Bf3 Rd6 35. Bg2 R6d7 36. b4 f6 37. Na4 Rd6 38. Nc5 Bc8 39. a4 Rh8 40. e4 Bh3 41. Bxh3 Rxh3 42. exd5 Rh8 43. Ne6+ Kf7 44. Qd1 Qf5 45. Nc5 Qh3 46. Qf3 Qh2+ 47. Kf1 Qh3+ 48. Ke2 Re8+ 49. Ne4 Rd7 50. Qxf6+ Kg8 51. Qg6+ Kf8 52. Kd2 Qf1 53. Qh6+ Rg7 54. Qh8+ Kf7 55. Nd6+ Ke7 56. Qxe8+ Kxd6 57. Qe6+ 1-0